Countries by picture (very easy) - Statistics

General Stats
  • This quiz has been taken 62 times
  • The average score is 11 of 15
Answer Stats
Picture Answer % Correct
France
98%
Italy
96%
Russia
96%
USA
96%
Brazil
94%
Australia
92%
India
88%
Japan
84%
Peru
78%
Spain
66%
Canada
64%
Turkey
64%
Egypt
44%
Mexico
24%
United kindom
10%
No matching quizzes found
Score Distribution
Percent of People with Each Score
Percentile by Number Answered
Your Score History
You have not taken this quiz